Science Quiz

Random Science Quiz

HCHS/HCMS Astronomical Bodies in the Solar System (Bas) Quiz Stats

 Plays Quiz not verified by Sporcle

Challenge
Share
Tweet
Score 0/27 Timer 10:00
0 Plays Today
Info Astronomical Body % Correct
We live here...at least most of us. Densest planetEarth
83.9%
Ice giant w/blue color possibly from methane/Great Dark Spot/discovered by Le Verrier & Adams/strongest winds at 1300 mph/visited by Voyager 2 in 1989Neptune
78%
Planet orbits sun in 88 days/visited by Mariner 10 (1st to use gravitational slingshot)/greatest temp variation (100-700 K)/smallest tilt of any planet/largest orbital eccentricityMercury
76.3%
Planet w/yellow hue due to ammonia crystals in upper atmosphere/wind speeds over 500 mph/62 moons plus rings/has Great White Spot (Oval) - periodic storms visible by telescopeSaturn
76.3%
Planet orbits sun in 224.7 days/brightest object in night sky/CO2 atmosphere/H2SO4 clouds/ ishtar terra is found hereVenus
75.8%
2nd smallest planet in Solar System/iron oxide surface/site of Olympus Mons (largest volcano in Solar System)/1st successful flyby by Mariner 4 (1965)/ Schiaparelli linesMars
75.8%
Dwarf planet/largest object in Kuiper Belt/discovered by Tombaugh (1930)/demoted from planetary status (2006)/visited by New Horizons July 14, 2015Pluto
73.7%
Has Galilean moons/primarily hydrogen & helium/Great Red Spot/largest planet by size & massJupiter
73.7%
Ice giant w/coldest atmosphere/named for Greek god/sideways axis of rotation/visited by Voyager 2 in 1986Uranus
72.6%
Contains Sea of Tranquility, Ocean of Storms, & craters named for Plato, Copernicus, Aristarchus, & Kepler/made of cheese/hurdled by the cow in an ancient rhymeThe Moon
71.5%
Innermost of Galilean moons/400+ active volcanoes/most geologically active object in solar system/mountains taller than Everest/primarily silicate rock/thin SO2 atmosphereIo
69.4%
Galaxy group that includes the Milky Way, comprises more than 54 galaxiesLocal Group
60%
Region of the solar system extending beyond the planets, home to Pluto, Haumea, & Makemake/formerly thought to be place of origin of periodic cometsKuiper belt
58.6%
Largest moon of Saturn/2nd largest in Solar System/only natural satellite to have dense atmosphere/discovered by Heygens (1655)/nitrogen atmosphere w/methane & ethane cloudsTitan
57.5%
Info Astronomical Body % Correct
2nd largest Galilean moon/3rd largest in solar system/one of most heavily cratered bodies in solar system/3000 km wide basin called ValhallaCallisto
55.9%
Smallest of Galilean moons/smooth surface with ice layer and theorized liquid water ocean underneath/primaily silicate rock/tenuous atmosphere of oxygenEuropa
55.9%
Larger and closest moon of MarsPhobos
54.3%
Largest of Galilean moons/largest natural satellite in solar system (larger than Mercury)/has magnetosphereGanymede
54.3%
The outer boundary of this region defines the boundary of the Solar System/Named after a Dutch astronomer who was a pioneer in the field of radio astronomyOort Cloud
54.3%
Smaller and outermost moon of MarsDeimos
51.1%
Minor planet between Saturn & Uranus/discovered by Kowal (1977)/behaves as comet & has comet designation as well/has rings/named after centaurChiron
51.1%
Largest moon of Pluto/discovered in 1978 by ChristyCharon
48.4%
Largest moon of Neptune/discovered in 1846 by LasselTriton
47.3%
Dwarf planet in the asteroid belt/largest object in asteroid belt/discovered by Piazzi (1801)/rounded by its own gravity/orbited by NASA's Dawn (2015)Ceres
47.3%
Dwarf planet in the Kuiper Belt/most massive dwarf planet/discovered by Brown (2005)/has moon Dysnomia/3 times Pluto's distance from sun/originally called XenaEris
42.5%
Largest moon of Uranus/discovered by Herschel (1787)/heavily cratered up to 200 miles in diameter/surface dark & slightly red/lies within Uranus' magnetosphereTitania
38.2%
Outermost major moon of Uranus/2nd largest/discovered by Herschel (1787)/lies partially outside Uranus' magnetosphere/surface dark & slightly red/named for King of FairiesOberon
36%

You're not logged in!

Compare scores with friends on all Sporcle quizzes.
OR
Log In

You Might Also Like...

Show Comments

Extras

Created Apr 17, 2016ReportNominate
Tags:body, solar, Solar System, system

Top Quizzes Today


Score Distribution

Your Account Isn't Verified!

In order to create a playlist on Sporcle, you need to verify the email address you used during registration. Go to your Sporcle Settings to finish the process.

Report this User

Report this user for behavior that violates our Community Guidelines.

Details: